Proceedings on mathematics and computer science: (Record no. 37345)

MARC details
000 -LEADER
fixed length control field 00707nam a22001937a 4500
005 - DATE AND TIME OF LATEST TRANSACTION
control field 20100723115645.0
010 ## - LCCN (DPL NO)
LC control number ENG-96538
020 ## - INTERNATIONAL STANDARD BOOK NUMBER
International Standard Book Number 9789380599069
Terms of availability 150.00 (app.)
035 ## - SYSTEM CONTROL NUMBER
System control number EN-80071
037 ## - SOURCE OF ACQUISITION
Source of stock number/acquisition DBAD/PUB
082 ## - DEWEY DECIMAL CLASSIFICATION NUMBER
Classification number 001.64
245 ## - TITLE STATEMENT
Title Proceedings on mathematics and computer science:
Remainder of title an interface /
Statement of responsibility, etc edited by Sujata Sinha
260 ## - PUBLICATION, DISTRIBUTION, ETC. (IMPRINT)
Place of publication, distribution, etc Kolkata
Name of publisher, distributor, etc Academic Publishers
Date of publication, distribution, etc 2010
270 ## - ADDRESS
Address 5A Bhawani Dutta Lane, Kolkata-700073
City Kolkata
300 ## - PHYSICAL DESCRIPTION
Extent vii, 76p.
Dimensions 24cm (Hb)
700 ## - ADDED ENTRY--PERSONAL NAME
Personal name Sinha, Sujata
9 (RLIN) 931
942 ## - ADDED ENTRY ELEMENTS (KOHA)
Source of classification or shelving scheme Dewey Decimal Classification
Item type English Books
Call number suffix PRO
Classification part 001.64
Holdings
Withdrawn status Lost status Not for loan Collection code Home library Current library Date acquired Source of acquisition Cost, normal purchase price Full call number Barcode Copy number Cost, replacement price Koha item type
    Not For Loan Non-fiction D.B.Act.Division D.B.Act.Division 23/07/2010 DBAD/PUB 150.00 PRO EN-80071 1 150.00 English Books

© Delhi Public Library
Hit Counter
free hit counter